000 00387nam a22001457a 4500
005 20200610120142.0
008 200610b xxu||||| |||| 00| 0 eng d
082 _a345.4 AIR
110 _aALL INDIA REPORTER
_95915
245 _aALL INDIA REPORTER, (1972 ) MYSORE HIGH COURT
260 _aBOMBAY
_bALL INDIA REPORTER, PVT LTD.
300 _a512;p
650 _aLAW
_95701
942 _cJRL
999 _c6977
_d6975